10 Most Produced Meats Worldwide - Statistics

General Stats
  • This quiz has been taken 99 times
  • The average score is 7 of 10
Answer Stats
Production Amount Meat % Correct
92 million tons Beef
99%
128 million tons Chicken
98%
118 million tons Pork
98%
18 million tons Lamb
83%
6 million tons Turkey
70%
5 million tons Duck
67%
12 million tons Goat
67%
1.1 million tons Rabbit
42%
2.7 million tons Goose
38%
4.9 million tons Buffalo
36%
No matching quizzes found
Score Distribution
Percent of People with Each Score
Percentile by Number Answered
Your Score History
You have not taken this quiz